=LDR 00000nam 2200000 4500 =001 INLIS000000000037347 =005 20200311082757 =035 ##$$a 0010-061300000037347 =008 200311################g##########0#ind## =041 ##$$a Ind =082 ##$$a 364.132 3 =090 ##$$a 364.532 3, Wib s =100 ##$$a Wibisono, Christianto =245 1#$$a Jangan pernah jadi Malaikat : $b Dari dwifungsi pengusaha intrik politik sampai rekening gendut /$c Cristianto Wibisono; Editor, Agus Purwanto =260 ##$$a Jakarta :$b PT. Gramedia Pustaka Utama,$c 2010 =300 ##$$a xi, 147 hlm. ; $c 14 x 21 cm =650 #4$$a Korupsi =700 #$$a Purwanto, Agus =850 ##$$a NBPNMAT =020 ##$$a 978-979-22-6343 =084 ##$$a 364.132 3 WIB j =990 ##$$a 21196450/BPAP-NTB/2014 =990 ##$$a 0001/BPAP-NTB/2016 =990 ##$$a 21103683/Pb/2011 =990 ##$$a 0001/BPAP-NTB/2016 =990 ##$$a 21103684/Pb/2011 =990 ##$$a 21103683/Pb/2011